Educating the under-fives

Αποθηκεύτηκε σε:
Λεπτομέρειες βιβλιογραφικής εγγραφής
Κύριος συγγραφέας: Smith, Elizabeth A.
Μορφή: Βιβλίο
Γλώσσα:English
Δημοσίευση: London : Cassell, 1994
Σειρά:Education matters
Θέματα:
Ετικέτες: Προσθήκη ετικέτας
Δεν υπάρχουν, Καταχωρήστε ετικέτα πρώτοι!

MARC

LEADER 00000nam a2200000 i 4500
001 1/92877
008 991118s1994 eng d
020 |a 0-304-32975-4 
035 |l 10054211 
040 |a GR-MY-UA  |b gre  |e aacr 
041 0 |a eng 
082 0 |a 372.210941 
100 1 |a Smith, Elizabeth A. 
245 1 0 |a Educating the under-fives /  |c Elizabeth A. Smith 
260 |a London :   |b Cassell,   |c 1994 
300 |a 120 p. 
490 1 |a Education matters 
650 0 0 |a Education, Preschool  |z Great Britain. 
650 0 0 |a Nursery schools  |z Great Britain. 
830 0 |a Education matters 
852 |a INST  |b RHODES  |e 19991118  |h 372.210941 SMI  |p 005400012572  |q 005400012572  |t BK  |y 0 
901 |a BIBL4-1999-3 
909 |a Ρ  |b 069104 
922 |a 4ΕΛΗ  |b 199909  |c ΚΠΣ/154  |d GLORY BOOKS 
970 |a ΚΟΥΛΑΚΙΟΤΗ  |b ΛΙΤΣΑ  |z 1999/11/18